000 00534nam a2200193Ia 4500
999 _c6916
_d6916
003 OSt
005 20200827105211.0
008 190216s9999||||xx |||||||||||||| ||und||
020 _a9798189011726
040 _coclc
082 _a004.068
_bMOH/I
100 _aMohan, R R
_94381
245 0 _aInformation Technology For Management /
_cR R Mohan
250 _a1st Ed.
260 _bABD Publishers,
_c2005.
_aJaipur;
300 _a340p
650 _aCommerce
942 _cBK
_2ddc
_h004.068
_iMOH/I
_k004.068
_mMOH/I